000 00418nam a2200145 4500
003 OSt
082 _a631.3
_bRED/DE
088 _aT561
100 _aReddy, Venkata
_96955
245 _aDesign and development of a tractor drawn multi crop precision planter /
260 _aTavanur :
_bDepartment of Farm Machinery and Power Engineering,
_c2022.
500 _aPhD Thesis
700 _aMathew, Manoj
_96956
942 _cTH
999 _c19045
_d19045